000 00297 a2200157 4500
001 169995
020 _a
040 _cMagnum
100 _aMoreira, LĂșcia
240 1 0 _aPartilha
_lpor
245 1 0 _aPartilha
300 _a115
362 0 _a2000
697 _aLITERATURA GERAL
942 _cBK
999 _c169995
_d169995